000
00246nam a2200085Ia 4500
245
0
_a
Gripping GAAP
100
_a
Sowden-Service, Cathrynne Durban, 2009 10th ed., 2009 ed
_9
76939
942
_c
BK
008
210817s9999 xx 000 0 und d
999
_c
261686
_d
261685